| 000 -CABECERA |
| campo de control de longitud fija |
00700nam a2200181 4500 |
| 005 - FECHA Y HORA DE LA ÚLTIMA TRANSACCIÓN |
| campo de control |
20210816134500.0 |
| 008 - DATOS DE LONGITUD FIJA--INFORMACIÓN GENERAL |
| campo de control de longitud fija |
210816s1993 pe ab||fr|||| 001 0 spa d |
| 040 ## - FUENTE DE LA CATALOGACIÓN |
| Centro catalogador/agencia de origen |
CENDOC CAAAP |
| Lengua de catalogación |
spa |
| Centro/agencia transcriptor |
CAAAP |
| 041 ## - CÓDIGO DE LENGUA |
| Código de lengua del texto/banda sonora o título independiente |
spa |
| 050 ## - SIGNATURA TOPOGRÁFICA DE LA BIBLIOTECA DEL CONGRESO |
| Número de clasificación |
HA 1063.RSM |
| Número de documento/Ítem |
P45 1993 |
| 245 ## - MENCIÓN DE TÍTULO |
| Título |
Censos Nacionales 1993 : |
| Subtitulo |
Región San Martín. Primeros resultados del censo de población (estadística preliminar) |
| 250 ## - MENCIÓN DE EDICIÓN |
| Mención de edición |
1ra ed. |
| 260 ## - PUBLICACIÓN, DISTRIBUCIÓN, ETC. |
| Lugar de publicación, distribución, etc. |
Lima: |
| Nombre del editor, distribuidor, etc. |
INEI, |
| Fecha de publicación, distribución, etc. |
1993 |
| 300 ## - DESCRIPCIÓN FÍSICA |
| Extensión |
91 p.: |
| Otras características físicas |
gráficas, mapas ; |
| Dimensiones |
25 cm. |
| 490 ## - MENCIÓN DE SERIE |
| Mención de serie |
(Estadística Censal Regional ; |
| Volumen |
1) |
| 505 ## - NOTA DE CONTENIDO CON FORMATO |
| Nota de contenido con formato |
Contiene: Análisis de resultados preliminares -- Crecimiento de población Resumen estadístico regional -- Anexos. |
| 942 ## - ELEMENTOS PERSONALIZADOS KOHA |
| Fuente del sistema de clasificación o colocación |
|
| Fecha de catalogación |
16 - 08 - 21 |
| Tipo de ítem Koha |
Libros |